Roubaix - Culture générale - Statistiques

Statistiques générales
  • Ce quiz a été pris 148 fois
  • Le résultat moyen est 6 sur 20
Statistiques - réponses
Hint Réponse % Correct
Département où se trouve Roubaix Nord
100%
Course cycliste ayant son arrivée dans cette ville Paris-Roubaix
65%
Chaîne de supermarchés tenant son nom de celui-ci Auchan
52%
Milliardaire à la tête du groupe LVMH Bernard Arnault
52%
École de commerce et de gestion située à cheval sur Croix École des Hautes Études Commerciales du Nord (EDHEC)
50%
Espace vert de 34 hectares situé à l'ouest de la ville Parc Barbieux
44%
Salle de théâtre et de spectacle parfois surnommée "l'Olympia du Nord" Le Colisée
32%
Maire actuel Guillaume Delbar
30%
Famille d'industriels qui fut très active dans le nord de la France La famille Motte
18%
Quartier situé au sud de la ville, à la frontière de Hem Les Hauts-Champs
18%
Film mettant en scène un nouveau commissaire qui tente de résoudre un meurtre mystérieux (2019) Roubaix, une lumière
16%
Plus célèbre des seigneurs de Roubaix Pierre de Roubaix
15%
Roubaix est jumelée avec ces villes (une seule réponse nécessaire) Bradford (Royaume-Uni) Covilhã (Portugal) Mönchengladbach (Allemagne) Prato (Italie) Skopje (Macédoine du Nord) Sosnowiec (Pologne) Verviers (Belgique)
13%
Politicien et résistant mort en camp de concentration Jean-Baptiste Lebas
13%
Écrivain ayant obtenu le prix Goncourt en 1936 Maxence Van der Meersch
12%
Vélodrome qui accueille l'arrivée de cette course Vélodrome André-Pétrieux
9%
Nom antique de la ville Robacum
8%
Service relevant du ministère de la culture, basé dans l'ancienne filature Motte-Bossut Archives Nationales du Monde du Travail (ANMT)
6%
Cinéaste ayant obtenu un César du meilleur réalisateur pour le film "Trois souvenirs de jeunesse" Arnaud Desplechin
5%
Région naturelle dans laquelle la ville est située Ferrain
5%
Aucun quiz correspondant
Distribution des résultats
% des personnes avec chaque résultat
Percentile par nombre de réponses
Votre historique - résultats
Vous n’avez pas pris ce quiz